Gerencia proactiva Ms̀ all ̀de la visin̤ empresarial /

Bibliographic Details
Main Author: Prieto Herrera, Jorge Eličer
Format: eBook
Language:Spanish
Published: Ciudad de Mx̌ico: Instituto Mexicano de Contadores Pb︢licos, 2019
Subjects:
Online Access:Acceso restringido

MARC

LEADER 00000nam a22000007a 4500
005 20190718015230.0
007 cr|||| ||||
008 190718s2019 mx |||||s|||| 00||0 spa d
020 |a 978-607-8628-45-2 
035 |a 23915 
040 |a vLex 
090 |c 9040  |d 9040 
100 1 |a Prieto Herrera, Jorge Eličer 
245 1 0 |a Gerencia proactiva  |h [Recurso electrn̤ico] :  |b Ms̀ all ̀de la visin̤ empresarial /  |c Jorge Eličer Prieto Herrera 
256 |a Servicio en ln̕ea 
260 |a Ciudad de Mx̌ico:  |b Instituto Mexicano de Contadores Pb︢licos,  |c 2019 
300 |a 1 recurso electrn̤ico 
506 1 |a Disponible solo en los productos indicados  |d vLex Global  |d vLex Global (Academic Edition, excluding Law Schools)  |d vLex Global (U.S. Academic Edition, Law Schools)  |d vLex Global (U.S. Academic Edition, excluding Law Schools)  |d vLex Global (Academic Edition, Law Schools) 
650 0 4 |a Derecho Mercantil y de la Empresa  |z Mx̌ico 
740 0 |a vLex Libros (Servicio en ln̕ea) 
856 4 0 |u http://vlex.com/source/gerencia-proactiva-mas-alla-de-la-vision-empresarial-23915  |z Acceso restringido 
942 |c BOOK 
999 0 |a Commercial and Company Law